BIBLIOTHÈQUE DE LA MAISON DU MEXIQUE

Logo 1 Logo 2

Las misiones franciscanas de fray Junípero Serra (notice nᵒ 6699)

détails MARC
000 -Sello discográfico
campo de control de longitud fija 00871nam a2200289 4500
005 - Identificación de versión
campo de control 20251204122818.0
010 ## - Número Estándar Internacional de Libros (ISBN)
Número (ISBN) 970-35-0769-7
099 ## - fechas locales
Tipo de ítem Koha LIBRO
100 ## - Datos de procesamiento general
Datos de procesamiento general 20230731d2005 m y1spay5003 ba
101 ## - Idioma del recurso
Idioma del texto, banda sonora, etc. Español; Castellano
105 ## - Campo de datos codificados: Material textual, monográfico
Datos codificados de monografía a 001zy
200 1# - Título y mención de responsabilidad
Título propio Las misiones franciscanas de fray Junípero Serra
Designación general del material texto impreso
Primer mención de responsabilidad Martirene Alcántara G
205 ## - Declaración de edición
Declaración de edición 1a ed
210 ## - Publicación, distribución, etc.
Lugar de publicación, distribución, etc. México
Nombre del editor, distribuidor, etc. Consejo Nacional para la Cultura y las Artes
Fecha de publicación, distribución, etc. 2005
215 ## - Descripción física
Designación de material específico y extensión del ítem 32 p
Otras características físicas il.
Dimensiones 17 cm
345 ## - Nota de información de adquisición
Fuente de adquisición/dirección de la suscripción [OBSOLETO] Donación
410 #1 - Series
Título Círculo de arte
Nombre de parte o sección Arquitectura
600 ## - Nombre personal usado como materia
Elemento de entrada Serra
Parte del nombre distinta del elemento de entrada Junípero
Fechas 1713-1784
Número Koha 12670
606 ## - Término temático usado como materia
Elemento de entrada Franciscanos en California
Número Koha 212
606 ## - Término temático usado como materia
Elemento de entrada Franciscanos en México
Número Koha 235
660 ## - Código de área geográfica
Código MX
700 ## - Nombre personal - Responsabilidad primaria
Elemento de entrada Alcántara G.
Parte del nombre distinta del elemento de entrada Martirene
Número Koha 12671
801 #0 - Fuente de origen
País FR
Agencia cm
Reglas de catalogación (convenciones descriptivas) AFNOR
942 ## - ELEMENTOS DE ENTRADA SECUNDARIOS (KOHA)
Tipo de ítem Koha Livre
Exemplaires
Estatus retirado Estado de daño Estado de pérdida Fecha de adquisición Biblioteca de origen Biblioteca actual Ubicación en estantería Código de barras Precio de reemplazo Signatura topográfica completa No para préstamo Tipo de ítem Koha Nota pública Nota no pública
      05/08/2025 Casa México Paris Casa México Paris   008344 05/08/2025 704.9 C571 V.92   Livre 20230731LIV 751145101